Normal view
MARC view
Entry Topical Term
001 - CONTROL NUMBER
- control field: 34513
003 - CONTROL NUMBER IDENTIFIER
- control field: dpl
005 - DATE AND TIME OF LATEST TRANSACTION
- control field: 20110906123137.0
008 - FIXED-LENGTH DATA ELEMENTS
- fixed length control field: 110906|||a|||||| | ||| d
040 ## - CATALOGING SOURCE
- Original cataloging agency: dpl
- Transcribing agency: dpl
150 ## - HEADING--TOPICAL TERM
- Topical term or geographic name as entry element: हिन्दू पौराणिक गाथा
670 ## - SOURCE DATA FOUND
- Source citation: Work cat.: (dpl): मुकेश नादान 34511, रामायण की कथाएँ /, 2006
670 ## - SOURCE DATA FOUND
- Source citation: Work cat.: (dpl): मुकेश नादान 34511, रामायण की कथाएँ /, 2006
